Termálne stabilné Z-izoméry benzimidazolom-substituovaných arylazopyridínov: štúdium prípravy a fotoprepínateľných vlastností

Salvato in:
Dettagli Bibliografici
Autore principale: Matuška, Jakub (Autore)
Altri autori: Fischer, Róbert (Relatore della tesi)
Natura: Manoscritto Libro
Lingua:slovacco
Pubblicazione: 2024
Soggetti:
Accesso online:http://is.stuba.sk/zp/portal_zp.pl?podrobnosti=168701
Tags: Aggiungi Tag
Nessun Tag, puoi essere il primo ad aggiungerne!!

MARC

LEADER 00000ntm a22000003a 4500
001 stuzp99180
003 SK-STU
005 20240622210736.0
007 ta
008 150427s2015----xo-----f-mn---000-0-slo-d
040 |a STU  |b slo 
041 0 |a slo 
100 1 |a Matuška, Jakub  |u 048140  |4 aut  |U FCHPT Ústav organickej chémie, katalýzy a petrochémie  |T FCHPT Oddelenie organickej chémie  |X 115969  |U C8140  |Y 124  |7 115969 
242 0 1 |a Thermally stable Z-isomers of benzimidazole-substituted arylazopyridines: study of preparation and photoswitching properties  |y eng 
245 1 0 |a Termálne stabilné Z-izoméry benzimidazolom-substituovaných arylazopyridínov: štúdium prípravy a fotoprepínateľných vlastností 
260 |c 2024 
650 4 |a arylazopyridíny  |2 slo 
650 4 |a molekulové fotoprepínače  |2 slo 
650 4 |a termálna stabilita  |2 slo 
650 4 |a fotoizomerizácia  |2 slo 
650 4 |a molecular photoswitches  |2 eng 
650 4 |a thermal stability  |2 eng 
650 4 |a photoisomerization  |2 eng 
650 4 |a arylazopyridines  |2 eng 
700 1 |a Fischer, Róbert  |u 048140  |k Z1  |4 ths  |U FCHPT Ústav organickej chémie, katalýzy a petrochémie  |T FCHPT Oddelenie organickej chémie  |X 68202  |U C8140  |Y 124  |7 A000068202 
856 4 |u http://is.stuba.sk/zp/portal_zp.pl?podrobnosti=168701